Sports Quiz

Random Sports or Nation Quiz
Score 0/50 Timer 12:00
0 Plays Today
Nation Player % Correct
ArgentinaLionel Messi
100%
Ivory CoastDidier Drogba
98.5%
PortugalCristiano Ronaldo
98.5%
SpainXavi
95.6%
ArgentinaSergio Aguero
94.1%
EnglandWayne Rooney
92.6%
NetherlandsRobin van Persie
91.2%
SpainAndres Iniesta
89.7%
SpainJuan Mata
83.8%
GermanyMesut Ozil
82.4%
BrazilThiago Silva
80.9%
SpainDavid Silva
79.4%
BelgiumEden Hazard
79.4%
WalesGareth Bale
73.5%
EcuadorAntonio Valencia
72.1%
FranceKarim Benzema
70.6%
ItalyGianluigi Buffon
69.1%
Ivory CoastYaya Toure
67.6%
SwedenZlatan Ibrahimovic
66.2%
NetherlandsKlaas-Jan Huntelaar
66.2%
GermanyMario Gomez
64.7%
SpainFernando Llorente
63.2%
SpainSergio Ramos
63.2%
BelgiumVincent Kompany
63.2%
EnglandJoe Hart
63.2%
Nation Player % Correct
GermanyManuel Neuer
61.8%
ItalyAndrea Pirlo
61.8%
UruguayEdinson Cavani
60.3%
PolandRobert Lewandowski
60.3%
FranceOlivier Giroud
57.4%
SenegalPapiss Cisse
54.4%
JapanShinji Kagawa
52.9%
ColombiaRadamel Falcao
52.9%
ArgentinaJavier Mascherano
51.5%
GermanyMarco Reus
50%
ArgentinaJavier Pastore
48.5%
ArgentinaDiego Milito
48.5%
UruguayLuis Suarez
47.1%
FranceLaurent Koscielny
44.1%
SpainVictor Valdes
44.1%
EnglandScott Parker
41.2%
SpainSantiago Cazorla
35.3%
ItalyAntonio Di Natale
32.4%
ChileArturo Vidal
32.4%
SpainJavier Martinez
32.4%
BrazilNene
23.5%
NetherlandsBas Dost
16.2%
ItalySebastian Giovinco
16.2%
ItalyAlessandro Del Piero
13.2%
BelgiumJan Vertoghen
4.4%
Remove Ads.
Support Sporcle.
Get the best of Sporcle when you Go Orange. This ad-free experience offers more features, more stats, and more fun while also helping to support Sporcle. Thank you for becoming a member.

You're not logged in!

Compare scores with friends on all Sporcle quizzes.
OR
Log In

Show Comments

Extras

Top Quizzes Today


Score Distribution

Your Account Isn't Verified!

In order to create a playlist on Sporcle, you need to verify the email address you used during registration. Go to your Sporcle Settings to finish the process.

Report this User

Report this user for behavior that violates our Community Guidelines.

Details: